Cost accouting: concepts and methods Ed 2 (Record no. 141921)

MARC details
000 -LEADER
fixed length control field 00611nam a2200265Ia 4500
008 - FIXED-LENGTH DATA ELEMENTS--GENERAL INFORMATION
fixed length control field 210210b2009 xxu||||| |||| 00| 0 eng d
020 ## - INTERNATIONAL STANDARD BOOK NUMBER
International Standard Book Number 9788184121094
041 ## - LANGUAGE CODE
Language code of text/sound track or separate title eng
082 ## - DEWEY DECIMAL CLASSIFICATION NUMBER
Classification number 657.42 AGRC
100 ## - MAIN ENTRY--PERSONAL NAME
Personal name AGRAWAL (N K)
245 ## - TITLE STATEMENT
Title Cost accouting: concepts and methods Ed 2
250 ## - EDITION STATEMENT
Edition statement
260 ## - PUBLICATION, DISTRIBUTION, ETC.
Place of publication, distribution, etc. New Delhi
Name of publisher, distributor, etc. Asian Books Pvt Ltd.
Date of publication, distribution, etc. 2009
300 ## - PHYSICAL DESCRIPTION
Extent viii,412
650 ## - SUBJECT ADDED ENTRY--TOPICAL TERM
Topical term or geographic name entry element methods
650 ## - SUBJECT ADDED ENTRY--TOPICAL TERM
Topical term or geographic name entry element Ed
650 ## - SUBJECT ADDED ENTRY--TOPICAL TERM
Topical term or geographic name entry element Cost
650 ## - SUBJECT ADDED ENTRY--TOPICAL TERM
Topical term or geographic name entry element concepts
650 ## - SUBJECT ADDED ENTRY--TOPICAL TERM
Topical term or geographic name entry element and
650 ## - SUBJECT ADDED ENTRY--TOPICAL TERM
Topical term or geographic name entry element accouting:
650 ## - SUBJECT ADDED ENTRY--TOPICAL TERM
Topical term or geographic name entry element 2
690 ## - LOCAL SUBJECT ADDED ENTRY--TOPICAL TERM (OCLC, RLIN)
Topical term or geographic name as entry element Cost Accounting
700 ## - ADDED ENTRY--PERSONAL NAME
Personal name JAIN (Deepali)
906 ## - LOCAL DATA ELEMENT F, LDF (RLIN)
a 064905
Holdings
Withdrawn status Lost status Damaged status Not for loan Collection code Home library Current library Shelving location Date acquired Source of acquisition Cost, normal purchase price Total Checkouts Total Renewals Full call number Barcode Date last seen Date last checked out Price effective from Koha item type
          St Aloysius Library St Aloysius Library   02/17/2021 Prajwal Book Distributors, Bangalore-560061 225.00 1 1 657.42 AGRC 064905 12/20/2022 12/19/2022 02/17/2021 Book